<?xml version="1.0" encoding="UTF-8"?>
<record
    xmlns:xsi="http://www.w3.org/2001/XMLSchema-instance"
    xsi:schemaLocation="http://www.loc.gov/MARC21/slim http://www.loc.gov/standards/marcxml/schema/MARC21slim.xsd"
    xmlns="http://www.loc.gov/MARC21/slim">

  <leader>00319nam a22000857a 4500</leader>
  <datafield tag="999" ind1=" " ind2=" ">
    <subfield code="c">23539</subfield>
    <subfield code="d">23539</subfield>
  </datafield>
  <controlfield tag="003">NUST</controlfield>
  <controlfield tag="005">20170607134218.0</controlfield>
  <controlfield tag="008">131217b        xxu||||| |||| 00| 0 eng d</controlfield>
  <datafield tag="020" ind1=" " ind2=" ">
    <subfield code="c">Available</subfield>
  </datafield>
  <datafield tag="040" ind1=" " ind2=" ">
    <subfield code="a">DLC</subfield>
    <subfield code="b">DLC</subfield>
    <subfield code="c">RCMS</subfield>
  </datafield>
  <datafield tag="082" ind1=" " ind2=" ">
    <subfield code="a">670 DEF</subfield>
  </datafield>
  <datafield tag="100" ind1=" " ind2=" ">
    <subfield code="a">Department of Defense</subfield>
    <subfield code="9">2150</subfield>
  </datafield>
  <datafield tag="245" ind1=" " ind2=" ">
    <subfield code="a">Technical Reviews and Audits for Systems,Equipment,and Computer Software</subfield>
    <subfield code="c">Department of Defense</subfield>
  </datafield>
  <datafield tag="260" ind1=" " ind2=" ">
    <subfield code="a">United States of America</subfield>
    <subfield code="b">Department of Defense</subfield>
    <subfield code="c">30-Jan-2009</subfield>
  </datafield>
  <datafield tag="300" ind1=" " ind2=" ">
    <subfield code="a">viii,168,p:</subfield>
    <subfield code="b">ill:</subfield>
    <subfield code="c">30,cm.</subfield>
  </datafield>
  <datafield tag="538" ind1=" " ind2=" ">
    <subfield code="i">Shelf No 1 Row No 3</subfield>
  </datafield>
  <datafield tag="650" ind1=" " ind2=" ">
    <subfield code="a">Systems Engineering Standards </subfield>
    <subfield code="9">2171</subfield>
  </datafield>
  <datafield tag="856" ind1=" " ind2=" ">
    <subfield code="3">Table of Content Only</subfield>
  </datafield>
  <datafield tag="942" ind1=" " ind2=" ">
    <subfield code="2">ddc</subfield>
    <subfield code="c">BK</subfield>
  </datafield>
  <datafield tag="952" ind1=" " ind2=" ">
    <subfield code="0">0</subfield>
    <subfield code="1">0</subfield>
    <subfield code="2">ddc</subfield>
    <subfield code="4">0</subfield>
    <subfield code="7">0</subfield>
    <subfield code="a">RCMS</subfield>
    <subfield code="b">RCMS</subfield>
    <subfield code="c">GEN</subfield>
    <subfield code="d">2013-12-17</subfield>
    <subfield code="l">0</subfield>
    <subfield code="o">670 DEF</subfield>
    <subfield code="p">RCMS002549</subfield>
    <subfield code="r">2013-12-17</subfield>
    <subfield code="w">2013-12-17</subfield>
    <subfield code="y">BK</subfield>
  </datafield>
</record>
